Culture Générale - Série 1026 - Statistiques

Statistiques générales
  • Ce quiz a été pris 157 fois
  • Le résultat moyen est 7 sur 10
Statistiques - réponses
Question Réponse % Correct
On dit qu'une sangsue est hématophage parce qu'elle se nourrit de... sang
97%
Quel fruit à noyau produit une huile prédominante dans les recettes "à la provençale" ? olive
94%
Dans quel pays se trouve le lac de Côme ? Italie
93%
Selon l'expression, quand on est poussé vers le succès on a "le vent en... poupe
93%
Par quel organe la bile est-elle sécrétée ? foie
92%
L'événement initié en 1990 par Jean-Luc Petitrenaud et destiné à éveiller notre palais s'appelle la Semaine du... goût
83%
Quel être malveillant de la mythologie scandinave désigne également un internaute qui recherche la polémique sur un forum de discussion ? troll
60%
En 2008, avec quel footballeur Claire Keim a-t-elle eu une petite fille ? Bixente Lizarazu
50%
Quel dessinateur a créé le personnage de B.D. Adèle Blanc-Sec ? Jacques Tardi
12%
En 1979, quel film d'Éric Rohmer réunit Fabrice Luchini et André Dussollier à la cour du roi Arthur ? Perceval le Gallois
5%
Aucun quiz correspondant
Distribution des résultats
% des personnes avec chaque résultat
Percentile par nombre de réponses
Votre historique - résultats
Vous n’avez pas pris ce quiz